Proklientský prístup v prostredí verejnej správy

Zmeny v oblasti verejnej správy, ktoré pozitívnym spôsobom ovplyvňujú úroveň kvality života občanov. Verejnú správu je možné pokladať za súhrn zamýšľaných vzťahov, organizačných foriem inštitúcií, realizátora verejných záujmov a systém uspokojovania potrieb občanov, pričom kvalitne fungujúca verejná...

Ausführliche Beschreibung

Gespeichert in:
Bibliographische Detailangaben
1. Verfasser: Klierová, Martina
Format: Buchkapitel
Sprache:Slowakisch
Schlagworte:
Tags: Tag hinzufügen
Keine Tags, Fügen Sie das erste Tag hinzu!

MARC

LEADER 00000naa a2200000 4500
001 0216373
005 20220718121520.2
041 0 |a slo 
044 |a SK 
245 1 0 |a Proklientský prístup v prostredí verejnej správy  |c Martina Klierová 
520 |a Zmeny v oblasti verejnej správy, ktoré pozitívnym spôsobom ovplyvňujú úroveň kvality života občanov. Verejnú správu je možné pokladať za súhrn zamýšľaných vzťahov, organizačných foriem inštitúcií, realizátora verejných záujmov a systém uspokojovania potrieb občanov, pričom kvalitne fungujúca verejná správa je dôležitou súčasťou štátu a spoločnosti. Modernizačné prvky verejnej správy sú prostriedkami, ktoré významným spôsobom zastrešujú túto oblasť problematiky. eGovernment a eSlužby vytvárajú priestor pre zefektívnenie činností verejnej správy. Skvalitnenie procesov a činností, ktoré prispievajú k zvýšeniu úrovne kvality života jednotlivca i spoločnosti, sú pálčivou témou súčasného diania. Naštartovaním reformných krokov sa slovenská verejná správa a verejné služby transformujú do nových podôb, ktoré sú postavené na efektívnosti, spoľahlivosti, transparentnosti a prístupnosti. 
610 2 0 |a správa verejná 
610 2 0 |a služby verejné 
610 2 0 |a transparentnosť 
610 2 0 |a správa verejná elektronická 
610 2 0 |a kvalita života 
610 2 0 |a správa spoločnosti 
100 1 |a Klierová, Martina